[Event "CYCC U08"]
[Site "Regina CAN"]
[Date "2019.07.09"]
[Round "6.19"]
[White "Sorgard, William"]
[Black "Huang, Justin"]
[Result "0-1"]
[WhiteElo "845"]
[BlackElo "1022"]
[PlyCount "60"]
[EventDate "2019.07.07"]
[EventType "swiss"]
[EventRounds "7"]
[EventCountry "CAN"]

1. e4 c5 2. Bc4 Nc6 3. Nf3 d6 4. O-O e6 5. d3 Nf6 6. Bg5 Be7 7. Bb5 Bd7 8. Bxc6
Bxc6 9. e5 dxe5 10. Nxe5 Qd5 11. Nxc6 bxc6 12. Nc3 Qxg5 13. Qf3 Nd5 14. Nxd5
cxd5 15. c4 dxc4 16. Qxa8+ Bd8 17. dxc4 Qh6 18. Rad1 Qf6 19. Rd2 O-O 20. Qe4
Ba5 21. Rd3 h6 22. Rg3 Qxb2 23. Rb1 Qf6 24. Rf3 Qe7 25. Rg3 Rd8 26. Qe3 f6 27.
Qxh6 Qd7 28. h3 Bc7 29. Rg4 Qd1+ 30. Rxd1 Rxd1# 0-1

[Event "CYCC U08"]
[Site "Regina CAN"]
[Date "2019.07.09"]
[Round "6.20"]
[White "Wang, Arthur"]
[Black "Trinh, Khoi"]
[Result "1/2-1/2"]
[WhiteElo "1022"]
[BlackElo "994"]
[PlyCount "76"]
[EventDate "2019.07.07"]
[EventType "swiss"]
[EventRounds "7"]
[EventCountry "CAN"]

1. e4 c6 2. d4 d5 3. exd5 cxd5 4. Nf3 Nc6 5. Nc3 Nf6 6. Bb5 Bg4 7. O-O e6 8.
Bf4 Be7 9. Qd3 Bf5 10. Qe2 O-O 11. Bxc6 bxc6 12. Ne5 Rc8 13. h3 Qb6 14. Qe3
Bxc2 15. b3 Bf5 16. Bg5 Rfd8 17. Na4 Qc7 18. Rac1 Qb7 19. Nc5 Qc7 20. b4 Bxc5
21. Rxc5 Qb7 22. a3 Kh8 23. Rfc1 Rd6 24. b5 Ne4 25. Rxc6 Rdxc6 26. bxc6 Qc7 27.
Bf4 Kg8 28. Nd7 Qd8 29. Nb8 Qb6 30. c7 Nd6 31. Qc3 Nc4 32. Be5 f6 33. Bg3 e5
34. dxe5 Rxc7 35. exf6 Qxb8 36. fxg7 Qb7 37. Bxc7 Qxc7 38. Re1 Bg6 1/2-1/2

[Event "CYCC U08"]
[Site "Regina CAN"]
[Date "2019.07.09"]
[Round "6.21"]
[White "Hu, Richard"]
[Black "Qin, Weixuan"]
[Result "0-1"]
[WhiteElo "904"]
[BlackElo "942"]
[PlyCount "72"]
[EventDate "2019.07.07"]
[EventType "swiss"]
[EventRounds "7"]
[EventCountry "CAN"]

1. e4 c5 2. Nf3 Nc6 3. d4 cxd4 4. Nxd4 Nf6 5. Nc3 e5 6. Nf3 Bb4 7. Bd3 d5 8.
exd5 Nxd5 9. Bd2 Nxc3 10. Bxc3 Bxc3+ 11. bxc3 O-O 12. O-O Re8 13. Be4 Bg4 14.
Qxd8 Raxd8 15. Rad1 Rxd1 16. Rxd1 f5 17. Bxc6 bxc6 18. Rd7 Rb8 19. h3 Rb1+ 20.
Kh2 Bxf3 21. gxf3 Rc1 22. Rxa7 Rxc2 23. Ra5 Rxf2+ 24. Kg3 Re2 25. a4 g5 26.
Ra8+ Kg7 27. a5 h5 28. h4 f4+ 29. Kh3 e4 30. a6 exf3 31. hxg5 f2 32. Kg2 h4 33.
a7 h3+ 34. Kf1 Ra2 35. Re8 h2 36. Re7+ Kg6 0-1

[Event "CYCC U08"]
[Site "Regina CAN"]
[Date "2019.07.09"]
[Round "6.22"]
[White "Chen, Zhengyu"]
[Black "Gao, Justin"]
[Result "0-1"]
[WhiteElo "799"]
[BlackElo "1110"]
[PlyCount "109"]
[EventDate "2019.07.07"]
[EventType "swiss"]
[EventRounds "7"]
[EventCountry "CAN"]

1. c4 e5 2. Nc3 Nf6 3. Nf3 Nc6 4. e4 Bc5 5. Be2 O-O 6. O-O d6 7. h3 Ne8 8. d3
h6 9. Be3 Bb6 10. Qc2 f5 11. Qb3 Kh8 12. Qc2 f4 13. Bxb6 axb6 14. a3 g5 15.
Rad1 g4 16. hxg4 Bxg4 17. Nxe5 Nxe5 18. Bxg4 Nxg4 19. g3 fxg3 20. fxg3 Ne3 21.
Rxf8+ Kg7 22. Qf2 Qe7 23. Rxe8 Rxe8 24. Qxe3 Qe5 25. Kf2 Rf8+ 26. Ke2 Qh5+ 27.
Kd2 c5 28. Qe2 Qg5+ 29. Qe3 Rf2+ 30. Ne2 Qf6 31. Kc2 Rf3 32. Qd2 Rf2 33. Re1
Qf3 34. Qf4 Rxe2+ 35. Rxe2 Qxe2+ 36. Qd2 Qxd2+ 37. Kxd2 Kf6 38. Ke3 h5 39. Kf4
Kg6 40. b3 Kf6 41. b4 Kg6 42. g4 h4 43. g5 h3 44. Kg3 Kxg5 45. Kxh3 Kf4 46.
bxc5 bxc5 47. Kg2 Ke3 48. Kg3 Kxd3 49. Kf4 Kxc4 50. e5 dxe5+ 51. Kxe5 Kb3 52.
Kd5 c4 53. Kc5 c3 54. Kb6 c2 55. Kxb7 0-1

[Event "CYCC U08"]
[Site "Regina CAN"]
[Date "2019.07.09"]
[Round "6.23"]
[White "Zhong, Ryan"]
[Black "Yang, Nathan"]
[Result "1-0"]
[WhiteElo "1057"]
[BlackElo "817"]
[PlyCount "107"]
[EventDate "2019.07.07"]
[EventType "swiss"]
[EventRounds "7"]
[EventCountry "CAN"]

1. d4 d5 2. Bf4 Bf5 3. e3 Nc6 4. c4 e6 5. Nc3 Nf6 6. Nf3 Bb4 7. Be2 Ne4 8. Rc1
Nxc3 9. bxc3 Bd6 10. Bxd6 cxd6 11. cxd5 exd5 12. Qb3 Qd7 13. Qxd5 Be6 14. Qg5
O-O 15. e4 h6 16. Qg3 Bxa2 17. O-O Ne7 18. e5 Nf5 19. Qg4 Be6 20. Qe4 d5 21.
Qd3 f6 22. exf6 Rxf6 23. Ne5 Qe7 24. Rb1 b6 25. Nc6 Qd6 26. Ne5 Ne7 27. Qg3 Nc6
28. Rfe1 Bf5 29. Rb2 Qe6 30. Bb5 Nxe5 31. Rxe5 Rg6 32. Qf3 Be4 33. Rxe6 Rxe6
34. Qh3 Re7 35. Re2 a6 36. Bxa6 Kh7 37. Ra2 Bb1 38. Rb2 Rxa6 39. Rxb1 Raa7 40.
Qf5+ Kh8 41. Qxd5 Rad7 42. Qa8+ Kh7 43. h3 Ra7 44. Qd8 Red7 45. Qxb6 g6 46. c4
Kg7 47. d5 Kf7 48. d6 Ke6 49. c5 h5 50. Rd1 Kf6 51. Qc6 Rf7 52. Qf3+ Kg7 53.
Qxf7+ Rxf7 54. d7 1-0

[Event "CYCC U08"]
[Site "Regina CAN"]
[Date "2019.07.09"]
[Round "6.24"]
[White "Guo, Channing"]
[Black "Lu, Aiden"]
[Result "1/2-1/2"]
[WhiteElo "1199"]
[BlackElo "657"]
[PlyCount "113"]
[EventDate "2019.07.07"]
[EventType "swiss"]
[EventRounds "7"]
[EventCountry "CAN"]

1. e4 e5 2. Nf3 Nc6 3. Bc4 Bc5 4. Nc3 Nf6 5. Ng5 O-O 6. O-O h6 7. Nf3 d6 8. Be2
d5 9. exd5 Nxd5 10. Nxe5 Nxe5 11. d4 Bb6 12. Nxd5 Qxd5 13. dxe5 Qxe5 14. Re1 c6
15. Ba6 Qc5 16. Be3 Qa5 17. Bxb6 Qxb6 18. Bc4 Qxb2 19. Bb3 Qf6 20. Qd2 c5 21.
Rad1 b6 22. Re2 Bb7 23. Rde1 Qc6 24. f3 Rfe8 25. Bd5 Qd7 26. Bxb7 Qxd2 27. Rxd2
Rxe1+ 28. Kf2 Ree8 29. Bxa8 Rxa8 30. Ke3 Re8+ 31. Kf4 Re7 32. Rd8+ Kh7 33. h4
Re2 34. Rd7 Rxc2 35. Rxa7 Rxg2 36. Rxf7 Rxa2 37. Rb7 Rb2 38. Ke5 c4 39. Kd4 b5
40. f4 Kg6 41. h5+ Kxh5 42. Rxg7 b4 43. Kxc4 b3 44. f5 Rf2 45. Kxb3 Rxf5 46.
Kc3 Kh4 47. Kd3 Kh3 48. Ke4 Rg5 49. Rf7 h5 50. Rf1 h4 51. Kf3 Rg3+ 52. Kf4 Kh2
53. Rf3 Rxf3+ 54. Kxf3 h3 55. Kf2 Kh1 56. Kg3 h2 57. Kf2 1/2-1/2

[Event "CYCC U08"]
[Site "Regina CAN"]
[Date "2019.07.09"]
[Round "6.26"]
[White "Wang, Lucas"]
[Black "Demchenko, Andrii"]
[Result "0-1"]
[WhiteElo "672"]
[BlackElo "735"]
[PlyCount "56"]
[EventDate "2019.07.07"]
[EventType "swiss"]
[EventRounds "7"]
[EventCountry "CAN"]

1. e4 c6 2. Nc3 d5 3. f3 dxe4 4. fxe4 Nf6 5. Nf3 Bg4 6. Be2 Bxf3 7. Bxf3 Qd4 8.
Ne2 Qe5 9. d3 e6 10. Bf4 Qxb2 11. O-O Qb6+ 12. d4 Be7 13. Bxb8 Rxb8 14. Rb1 Qc7
15. a4 O-O 16. d5 exd5 17. exd5 Rfd8 18. Rc1 Nxd5 19. Qd2 Bc5+ 20. Kh1 Be3 21.
Qd1 Bxc1 22. Qxc1 Qa5 23. Qd1 Ne3 24. Qa1 Nxf1 25. Nf4 Qg5 26. Nh3 Qf6 27. c4
Qxa1 28. Be2 Ng3# 0-1

[Event "CYCC U08"]
[Site "Regina CAN"]
[Date "2019.07.09"]
[Round "6.28"]
[White "Wang, Alan"]
[Black "Schaffer, Gavin"]
[Result "1-0"]
[WhiteElo "877"]
[BlackElo "851"]
[PlyCount "35"]
[EventDate "2019.07.07"]
[EventType "swiss"]
[EventRounds "7"]
[EventCountry "CAN"]

1. e4 Nf6 2. e5 Nh5 3. Qxh5 g6 4. Qf3 h5 5. Bc4 e6 6. d4 Bg7 7. Nh3 d5 8. Bg5
f6 9. exf6 Bxf6 10. Bxf6 Qd6 11. Bb5+ Bd7 12. Bxd7+ Qxd7 13. Bxh8 Qd6 14. Ng5
Qb4+ 15. c3 Qc4 16. Qf7+ Kd8 17. Bf6+ Kc8 18. Qe8# 1-0

[Event "CYCC U08"]
[Site "Regina CAN"]
[Date "????.??.??"]
[Round "6.29"]
[White "Le, Gabriel"]
[Black "Boucher, Roch"]
[Result "1-0"]
[WhiteElo "406"]
[BlackElo "768"]
[PlyCount "161"]
[EventDate "2019.07.07"]
[EventType "swiss"]
[EventRounds "7"]
[EventCountry "CAN"]

1. e4 e5 2. Nf3 Nc6 3. Bc4 Na5 4. Bb3 Nxb3 5. cxb3 f6 6. O-O Bc5 7. Nc3 d6 8.
d4 Bb6 9. dxe5 dxe5 10. Qxd8+ Kxd8 11. Rd1+ Bd7 12. Nd5 Ne7 13. Nxb6 axb6 14.
a4 b5 15. Be3 bxa4 16. bxa4 Rxa4 17. Rxa4 b5 18. Rb4 c6 19. Bb6+ Ke8 20. Ra1
Ng6 21. Ra8+ Kf7 22. Rxh8 Nxh8 23. Rb3 Be6 24. Rc3 b4 25. Rxc6 b3 26. Nd2 Ng6
27. Rc3 Nf4 28. Nxb3 Ne2+ 29. Kf1 Nxc3 30. bxc3 Bxb3 31. Ke1 g5 32. Kd2 Be6 33.
Kd3 f5 34. exf5 Bxf5+ 35. Kc4 h5 36. Kc5 Be4 37. f3 Bd3 38. g3 Be2 39. Kd5 Kf6
40. c4 Bxf3+ 41. Kd6 Bg4 42. c5 e4 43. Bd8+ Kf7 44. c6 e3 45. Ba5 e2 46. Kc7
Ke6 47. Kb8 Kd5 48. c7 Kc5 49. c8=Q+ Bxc8 50. Kxc8 Kb5 51. Bd2 Kc4 52. Kd7 Kd3
53. Ba5 Ke4 54. Ke6 g4 55. Kf6 Kd4 56. Kg5 Kc4 57. Kxh5 Kb5 58. Bd2 Kc4 59.
Kxg4 Kd3 60. Ba5 Kc4 61. Kf3 Kd3 62. h4 e1=Q 63. Bxe1 Kd4 64. h5 Ke5 65. h6 Kf6
66. Bd2 Kf7 67. Kg4 Kg8 68. Kg5 Kh7 69. Kf6 Kg8 70. g4 Kf8 71. g5 Kg8 72. g6
Kh8 73. Bc3 Kg8 74. Kg5 Kf8 75. h7 Ke7 76. h8=Q Kd6 77. g7 Ke6 78. g8=R Kf7 79.
Rg6 Ke7 80. Qh7+ Kf8 81. Rg8# 1-0

[Event "CYCC U08"]
[Site "Regina CAN"]
[Date "2019.07.10"]
[Round "7.16"]
[White "Qu, Jayden"]
[Black "Guillemette, Hugo"]
[Result "0-1"]
[WhiteElo "1061"]
[BlackElo "1428"]
[PlyCount "116"]
[EventDate "2019.07.07"]
[EventType "swiss"]
[EventRounds "7"]
[EventCountry "CAN"]

1. e4 e5 2. Nf3 Nc6 3. d4 exd4 4. Nxd4 Bc5 5. Be3 Qf6 6. c3 Nge7 7. Bc4 Ne5 8.
Be2 Qg6 9. f4 Qxg2 10. Rg1 Qxe4 11. Qd2 Bxd4 12. cxd4 Nf3+ 13. Bxf3 Qxf3 14.
Rxg7 Ng6 15. f5 Qxf5 16. Qe2 Qe6 17. Nc3 d6 18. d5 Qe7 19. Bh6 Qxe2+ 20. Kxe2
Bg4+ 21. Kd2 Ne5 22. Re1 O-O-O 23. Kc2 Bf5+ 24. Kb3 Bg6 25. h4 Rhg8 26. Rh1 Bd3
27. Rhg1 Rxg7 28. Bxg7 Rg8 29. Rg3 Bg6 30. Bxe5 dxe5 31. Kb4 h5 32. Ne4 Rd8 33.
Nf6 Rd6 34. Rf3 Kd8 35. Kc4 Ke7 36. Ng8+ Kf8 37. Nf6 e4 38. Rf1 e3 39. Kd4 e2
40. Re1 Rxf6 41. Rxe2 Rf4+ 42. Kc5 Bd3 43. Re8+ Kxe8 44. d6 cxd6+ 45. Kxd6 Rxh4
46. Kc7 Rb4 47. b3 h4 48. Kb8 h3 49. a3 Rxb3 50. a4 h2 51. a5 h1=Q 52. Kxa7 Kd7
53. Kb8 Qh8+ 54. Ka7 Qd4+ 55. Ka8 Kc6 56. Kb8 b6 57. axb6 Qxb6+ 58. Ka8 Qb8#
0-1

[Event "CYCC U08"]
[Site "Regina CAN"]
[Date "2019.07.10"]
[Round "7.17"]
[White "Jiang, William"]
[Black "Mok, Erwin"]
[Result "0-1"]
[WhiteElo "979"]
[BlackElo "805"]
[PlyCount "80"]
[EventDate "2019.07.07"]
[EventType "swiss"]
[EventRounds "7"]
[EventCountry "CAN"]

1. e4 c5 2. Nc3 Nc6 3. g3 g6 4. Bg2 Bg7 5. Nge2 e6 6. O-O Nge7 7. d3 O-O 8. Be3
b6 9. f4 d5 10. Bd2 Nd4 11. g4 Bd7 12. exd5 exd5 13. Nxd5 Bc6 14. Nxe7+ Qxe7
15. Bxc6 Nxc6 16. Bc3 Qd7 17. f5 Rfe8 18. Qd2 Nd4 19. Ng3 Qb7 20. Ne4 Qd7 21.
Qg5 Ne2+ 22. Kh1 Nxc3 23. bxc3 Qb7 24. Kg1 Rad8 25. f6 Bf8 26. Rf3 c4 27. Rd1
Rxe4 28. Rh3 Re2 29. Rg3 cxd3 30. cxd3 Rde8 31. Qc1 Rxa2 32. d4 Ree2 33. d5 b5
34. Qf4 Qb6+ 35. Qd4 Bc5 36. Kf1 Bxd4 37. Rf3 Bxc3 38. d6 Rf2+ 39. Kg1 Rg2+ 40.
Kf1 Qg1# 0-1

[Event "CYCC U08"]
[Site "Regina CAN"]
[Date "2019.07.10"]
[Round "7.18"]
[White "Mendes, Aaron"]
[Black "Huang, Justin"]
[Result "1-0"]
[WhiteElo "1028"]
[BlackElo "1022"]
[PlyCount "83"]
[EventDate "2019.07.07"]
[EventType "swiss"]
[EventRounds "7"]
[EventCountry "CAN"]

1. d4 d5 2. Nf3 Nf6 3. Bf4 Bf5 4. e3 e6 5. Bd3 Bg6 6. c3 Be7 7. h3 Nbd7 8. Qc2
Bxd3 9. Qxd3 a6 10. Nbd2 b5 11. Ne5 Nxe5 12. dxe5 Nh5 13. Bh2 c5 14. g4 Nf6 15.
exf6 Bxf6 16. e4 Bh4 17. exd5 Qxd5 18. Qxd5 exd5 19. Nf3 Be7 20. Ne5 Rc8 21.
O-O-O d4 22. cxd4 cxd4+ 23. Kb1 Bc5 24. Rd3 O-O 25. Nd7 Rfd8 26. Nxc5 Rxc5 27.
Rhd1 Rcd5 28. Bc7 R8d7 29. Bb6 h6 30. Rxd4 Rxd4 31. Rxd4 Rxd4 32. Bxd4 Kf8 33.
Kc2 g6 34. Kc3 Ke7 35. Kb4 f5 36. gxf5 gxf5 37. Ka5 Ke6 38. Kxa6 Kd5 39. Bg7 h5
40. Kxb5 Ke4 41. a4 Kf3 42. b4 1-0

[Event "CYCC U08"]
[Site "Regina CAN"]
[Date "2019.07.10"]
[Round "7.19"]
[White "Qin, Weixuan"]
[Black "Zhong, Ryan"]
[Result "1-0"]
[WhiteElo "942"]
[BlackElo "1057"]
[PlyCount "65"]
[EventDate "2019.07.07"]
[EventType "swiss"]
[EventRounds "7"]
[EventCountry "CAN"]

1. e4 c5 2. Nf3 d6 3. d4 cxd4 4. Nxd4 Nf6 5. Nc3 a6 6. Be3 e6 7. Be2 Be7 8. O-O
Nc6 9. f4 Nxd4 10. Bxd4 b5 11. e5 dxe5 12. fxe5 Nd5 13. Nxd5 exd5 14. Bh5 O-O
15. Qf3 f6 16. Qg3 fxe5 17. Bxe5 Bc5+ 18. Kh1 Qe7 19. Rae1 Rxf1+ 20. Rxf1 Be6
21. Bf7+ Qxf7 22. Rxf7 Kxf7 23. Qxg7+ Ke8 24. Qh8+ Bf8 25. Qxh7 Rc8 26. h3 Bf7
27. Qf5 Rc6 28. Bc3 Re6 29. h4 Bd6 30. h5 b4 31. Bd2 Re2 32. Qc8+ Ke7 33. Bg5#
1-0

[Event "CYCC U08"]
[Site "Regina CAN"]
[Date "2019.07.10"]
[Round "7.20"]
[White "Gao, Justin"]
[Black "Wang, Arthur"]
[Result "1-0"]
[WhiteElo "1110"]
[BlackElo "1022"]
[PlyCount "65"]
[EventDate "2019.07.07"]
[EventType "swiss"]
[EventRounds "7"]
[EventCountry "CAN"]

1. e4 c5 2. Nf3 d6 3. d4 cxd4 4. Nxd4 Nf6 5. Nc3 Nc6 6. Be3 e6 7. Bb5 Bd7 8.
O-O Be7 9. f4 O-O 10. Bxc6 Bxc6 11. Nxc6 bxc6 12. Kh1 a6 13. f5 exf5 14. exf5
d5 15. Rf3 c5 16. Bd2 Rb8 17. Rg3 Kh8 18. Rh3 d4 19. Na4 Ne4 20. Qe2 Qd5 21. c4
Qxf5 22. Rf1 Qe6 23. Qh5 h6 24. Qd1 Qxc4 25. Bxh6 gxh6 26. Rxh6+ Kg7 27. Rf5
Nf2+ 28. Rxf2 Kxh6 29. Qd2+ Bg5 30. Rf6+ Kh5 31. Qd1+ Kh4 32. g3+ Kh3 33. Qh5+
1-0

[Event "CYCC U08"]
[Site "Regina CAN"]
[Date "2019.07.10"]
[Round "7.21"]
[White "Trinh, Khoi"]
[Black "Hu, Richard"]
[Result "1-0"]
[WhiteElo "994"]
[BlackElo "904"]
[PlyCount "137"]
[EventDate "2019.07.07"]
[EventType "swiss"]
[EventRounds "7"]
[EventCountry "CAN"]

1. d4 Nf6 2. c4 g6 3. Nc3 Bg7 4. e4 d6 5. Nf3 O-O 6. Be2 Bg4 7. Be3 Nbd7 8. h3
Bxf3 9. Bxf3 e5 10. d5 a6 11. b4 b6 12. Rc1 a5 13. a3 axb4 14. axb4 Re8 15. Nb5
Ra4 16. Qxa4 Qc8 17. c5 dxc5 18. bxc5 bxc5 19. Bxc5 Qb7 20. O-O Rb8 21. Na3 Ra8
22. Qb4 Nxc5 23. Qxc5 Bf8 24. Qb5 Ra7 25. Qxb7 Rxb7 26. Rb1 Ra7 27. Nc2 Ra4 28.
Rfe1 Bc5 29. Ra1 Rc4 30. Na3 Rc3 31. Nb5 Rc2 32. Re2 Rc4 33. Nxc7 Bd4 34. Ra8+
Kg7 35. Nb5 Nd7 36. Nxd4 exd4 37. Rd2 Nc5 38. Be2 Rb4 39. f3 Nb3 40. Rb2 Rb7
41. Bd1 Nc5 42. Rxb7 Nxb7 43. Ra4 d3 44. Rd4 Nc5 45. d6 Nd7 46. Ba4 Nb6 47. d7
Nxd7 48. Bxd7 d2 49. Rxd2 Kf6 50. Rd5 Ke7 51. Ba4 Ke6 52. Kf2 f6 53. g4 h6 54.
Kg3 g5 55. f4 Kf7 56. f5 Kg7 57. h4 Kf7 58. hxg5 hxg5 59. e5 Kg7 60. Rd7+ Kf8
61. exf6 Ke8 62. Rg7+ Kf8 63. Bb3 Ke8 64. f7+ Kf8 65. Rg8+ Ke7 66. f8=Q+ Kd7
67. Rg6 Kc7 68. Qe7+ Kc8 69. Rg8# 1-0

[Event "CYCC U08"]
[Site "Regina CAN"]
[Date "2019.07.10"]
[Round "7.22"]
[White "Demchenko, Andrii"]
[Black "Sorgard, William"]
[Result "1-0"]
[WhiteElo "735"]
[BlackElo "845"]
[PlyCount "147"]
[EventDate "2019.07.07"]
[EventType "swiss"]
[EventRounds "7"]
[EventCountry "CAN"]

1. e4 e5 2. d4 exd4 3. Qxd4 Nc6 4. Qe3 Nf6 5. Nc3 b6 6. Bd2 Bc5 7. Qg3 Nh5 8.
Qg4 Qf6 9. f3 Qd4 10. Nge2 d5 11. Qxh5 Qf2+ 12. Kd1 d4 13. Nd5 O-O 14. Nxc7 Rb8
15. Nd5 Be6 16. Ndf4 Bc4 17. Qh3 Bb4 18. Qg3 Qxg3 19. hxg3 Bxd2 20. Kxd2 Rbd8
21. Nd3 Bxd3 22. cxd3 Nb4 23. a3 Nc6 24. Rc1 Ne5 25. Nf4 Ng6 26. Nxg6 fxg6 27.
Be2 Rf6 28. Rc2 Re6 29. Rhc1 Rdd6 30. Rc8+ Kf7 31. R8c7+ Kf8 32. Rxa7 Rc6 33.
Ra1 Re8 34. a4 Rec8 35. Bd1 R8c7 36. Rxc7 Rxc7 37. b4 Ra7 38. a5 bxa5 39. Rxa5
Rb7 40. b5 Ke7 41. Ba4 Kd6 42. Kc2 Kc5 43. b6+ Kb4 44. Ra7 Rxb6 45. e5 Re6 46.
f4 g5 47. Bb3 Rc6+ 48. Bc4 gxf4 49. e6 fxg3 50. e7 Rc8 51. Kd2 h5 52. Bf7 h4
53. e8=Q Rxe8 54. Bxe8 h3 55. Rxg7 h2 56. Rh7 h1=Q 57. Rxh1 Kb3 58. Ke2 Kc3 59.
Bg6 Kc2 60. Kf3 Kd2 61. Kxg3 Ke3 62. Rg1 Ke2 63. Kh3 Ke3 64. Be4 Kf2 65. Kh2
Ke3 66. g4 Kf4 67. g5 Ke5 68. g6 Ke6 69. g7 Kf7 70. g8=Q+ Ke7 71. Qg6 Kd7 72.
Rf1 Kc7 73. Rf7+ Kc8 74. Qg8# 1-0

[Event "CYCC U08"]
[Site "Regina CAN"]
[Date "2019.07.10"]
[Round "7.23"]
[White "Lu, Aiden"]
[Black "Chen, Zhengyu"]
[Result "0-1"]
[WhiteElo "657"]
[BlackElo "799"]
[PlyCount "62"]
[EventDate "2019.07.07"]
[EventType "swiss"]
[EventRounds "7"]
[EventCountry "CAN"]

1. e4 e5 2. Nf3 d6 3. Nc3 Nf6 4. Bd3 Be7 5. h3 O-O 6. O-O Be6 7. b3 Nc6 8. Bb2
Qd7 9. Ng5 Rad8 10. Nxe6 fxe6 11. Qe2 Nd4 12. Qe3 Nh5 13. Ne2 Nxe2+ 14. Qxe2
Nf4 15. Qe3 Bg5 16. Qg3 Be7 17. Rae1 Rf6 18. c4 Rg6 19. Qe3 Nxg2 20. Qe2 Nf4+
21. Qg4 Rxg4+ 22. hxg4 Nxd3 23. Rb1 Qe8 24. Bc3 Qg6 25. f3 Rf8 26. Kg2 Rf4 27.
Kg3 c6 28. Rg1 b5 29. Rg2 b4 30. Bb2 Qg5 31. a3 Qh4# 0-1

[Event "CYCC U08"]
[Site "Regina CAN"]
[Date "2019.07.10"]
[Round "7.24"]
[White "Yang, Nathan"]
[Black "Ajith, Aarush"]
[Result "1/2-1/2"]
[WhiteElo "817"]
[BlackElo "1078"]
[PlyCount "105"]
[EventDate "2019.07.07"]
[EventType "swiss"]
[EventRounds "7"]
[EventCountry "CAN"]

1. e4 c5 2. Nc3 d6 3. Bc4 Nf6 4. d3 e6 5. Nf3 Be7 6. O-O Nbd7 7. Bf4 O-O 8. e5
dxe5 9. Nxe5 Nxe5 10. Bxe5 b6 11. Bxf6 Bxf6 12. Qf3 Bd7 13. Bb5 Bxc3 14. Bxd7
Bxb2 15. Bc6 Rc8 16. Rab1 Be5 17. Rfe1 Bd6 18. Bb7 Rb8 19. Ba6 Qc7 20. h3 b5
21. Rxb5 Rxb5 22. Bxb5 Qa5 23. Rb1 Qxa2 24. Qd1 Rb8 25. c4 a6 26. Ra1 Qb2 27.
Rxa6 Be5 28. g3 Bd4 29. Qf3 h6 30. Kg2 Bf6 31. Ra8 Rxa8 32. Qxa8+ Kh7 33. Qe4+
g6 34. Be8 Kg7 35. Qf4 Qb7+ 36. Qe4 Qxe4+ 37. dxe4 Bd4 38. f4 f5 39. e5 g5 40.
Kf3 Bg1 41. Kg2 Bd4 42. Kf3 gxf4 43. gxf4 Bc3 44. h4 Be1 45. h5 Bd2 46. Bd7 Kf7
47. Bc8 Bc3 48. Ke3 Bd4+ 49. Kf3 Bg1 50. Kg2 Be3 51. Kf3 Bd4 52. Bd7 Ke7 53.
Bb5 1/2-1/2

[Event "CYCC U08"]
[Site "Regina CAN"]
[Date "2019.07.10"]
[Round "7.27"]
[White "Wang, Alan"]
[Black "Le, Gabriel"]
[Result "1-0"]
[WhiteElo "877"]
[BlackElo "406"]
[PlyCount "45"]
[EventDate "2019.07.07"]
[EventType "swiss"]
[EventRounds "7"]
[EventCountry "CAN"]

1. e4 c5 2. Nf3 Nc6 3. d4 cxd4 4. Nxd4 Nxd4 5. Qxd4 d6 6. Nc3 e5 7. Qa4+ Bd7 8.
Bb5 Nf6 9. Bg5 Be7 10. Bxd7+ Nxd7 11. Bxe7 Qxe7 12. Nd5 Qd8 13. O-O O-O 14.
Rfe1 a6 15. Re3 b5 16. Qb3 Qa5 17. Rg3 Kh8 18. Qf3 f6 19. Qg4 g6 20. Qxd7 Rad8
21. Qc7 Qd2 22. Rh3 Rc8 23. Qxh7# 1-0

[Event "CYCC U08"]
[Site "Regina CAN"]
[Date "2019.07.10"]
[Round "7.29"]
[White "Schaffer, Gavin"]
[Black "Boucher, Roch"]
[Result "0-1"]
[WhiteElo "851"]
[BlackElo "768"]
[PlyCount "40"]
[EventDate "2019.07.07"]
[EventType "swiss"]
[EventRounds "7"]
[EventCountry "CAN"]

1. e4 e5 2. Nf3 Nc6 3. Nc3 Nf6 4. Bb5 Nd4 5. Nxd4 exd4 6. Ne2 Nxe4 7. Nxd4 Bc5
8. Nb3 O-O 9. Nxc5 Nxc5 10. b4 b6 11. bxc5 bxc5 12. Ba3 Rb8 13. Bc4 d6 14. Qe2
Re8 15. Bd3 Rxe2+ 16. Bxe2 Qe8 17. c3 Ba6 18. d3 Bxd3 19. Kd2 Qxe2+ 20. Kc1
Qc2# 0-1

[Event "CYCC U08 w"]
[Site "Regina CAN"]
[Date "2019.07.07"]
[Round "1.1"]
[White "Guan, Isabelle"]
[Black "Chen, Rae"]
[Result "0-1"]
[WhiteElo "729"]
[BlackElo "1232"]
[PlyCount "110"]
[EventDate "2019.07.07"]
[EventType "swiss"]
[EventRounds "7"]
[EventCountry "CAN"]

1. e4 d5 2. exd5 Qxd5 3. Nc3 Qa5 4. d4 Nf6 5. Nf3 Bg4 6. Be2 Nc6 7. O-O O-O-O
8. Be3 e5 9. Ng5 Bxe2 10. Nxe2 Rd7 11. Bd2 Qd5 12. Nf3 Nxd4 13. Nexd4 exd4 14.
Re1 Bd6 15. Bg5 Ne4 16. Qxd4 Qxd4 17. Nxd4 Nxg5 18. Nf5 g6 19. Nxd6+ Rxd6 20.
Re5 Rhd8 21. h3 Rd1+ 22. Rxd1 Rxd1+ 23. Kh2 Ne6 24. c4 Rd2 25. b4 Rxf2 26. Ra5
Rf4 27. Rxa7 Rxc4 28. b5 Rb4 29. a4 Nc5 30. h4 Rxh4+ 31. Kg1 Rxa4 32. Rxa4 Nxa4
33. Kf2 Kd7 34. Kf3 Kd6 35. g4 Kc5 36. g5 Kxb5 37. Ke3 c5 38. Kd3 c4+ 39. Kc2
c3 40. Kb3 Ka5 41. Kc2 Kb4 42. Kc1 Kb3 43. Kb1 c2+ 44. Kc1 b5 45. Kd2 Kb2 46.
Kd3 c1=Q 47. Kd4 Qc5+ 48. Kd3 Qc4+ 49. Ke3 Nc3 50. Kf3 Qe4+ 51. Kf2 Kc2 52. Kg1
Qe2 53. Kh1 Nd5 54. Kg1 Ne3 55. Kh1 Qg2# 0-1

[Event "CYCC U08 w"]
[Site "Regina CAN"]
[Date "2019.07.07"]
[Round "1.2"]
[White "Myrzaibraimova, Alia"]
[Black "Schaffer, Taya Isabelle"]
[Result "1-0"]
[WhiteElo "1208"]
[BlackElo "699"]
[PlyCount "29"]
[EventDate "2019.07.07"]
[EventType "swiss"]
[EventRounds "7"]
[EventCountry "CAN"]

1. e4 e5 2. Nf3 Nf6 3. Nc3 g6 4. g3 Bg7 5. Bg2 O-O 6. O-O d6 7. d3 b6 8. Bg5 h6
9. Be3 Na6 10. Qd2 g5 11. a3 h5 12. Bxg5 c5 13. Bh6 b5 14. Qg5 Bb7 15. Qxg7#
1-0

[Event "CYCC U08 w"]
[Site "Regina CAN"]
[Date "2019.07.07"]
[Round "1.3"]
[White "Zeng, Chloe"]
[Black "Aldaco Murayama, Sophia"]
[Result "0-1"]
[WhiteElo "520"]
[BlackElo "872"]
[PlyCount "64"]
[EventDate "2019.07.07"]
[EventType "swiss"]
[EventRounds "7"]
[EventCountry "CAN"]

1. e4 e5 2. Nf3 Nc6 3. Bc4 Bc5 4. Nc3 Nf6 5. O-O O-O 6. d3 Ng4 7. Qe2 Nxf2 8.
Rxf2 Bxf2+ 9. Qxf2 h6 10. Be3 d6 11. g4 Bxg4 12. Ne1 a6 13. h3 Bxh3 14. Nf3 b5
15. Bb3 Bg4 16. Qh4 Qxh4 17. Nxh4 Nb4 18. a3 Nxc2 19. Bxc2 g5 20. Ng2 Bf3 21.
Ne1 Bh5 22. Bd1 Bxd1 23. Rxd1 f6 24. Nd5 c6 25. Ne7+ Kf7 26. Nf5 h5 27. Nh6+
Kg6 28. Nc2 Kxh6 29. Nb4 c5 30. Nd5 f5 31. exf5 Rxf5 32. Ne7 Rf3 0-1

[Event "CYCC U08 w"]
[Site "Regina CAN"]
[Date "2019.07.07"]
[Round "1.4"]
[White "Guan, Marie"]
[Black "Xiang, Isabella"]
[Result "1-0"]
[WhiteElo "864"]
[BlackElo "326"]
[PlyCount "27"]
[EventDate "2019.07.07"]
[EventType "swiss"]
[EventRounds "7"]
[EventCountry "CAN"]

1. e4 e5 2. Nf3 Nc6 3. Nc3 Nf6 4. Bb5 Bc5 5. Nxe5 Nxe5 6. d4 O-O 7. dxe5 d6 8.
exf6 gxf6 9. Bh6 Re8 10. Bxe8 Qxe8 11. O-O Be6 12. Qf3 Bc4 13. Qg3+ Kh8 14.
Qg7# 1-0

[Event "CYCC U08 w"]
[Site "Regina CAN"]
[Date "2019.07.07"]
[Round "2.1"]
[White "Chen, Rae"]
[Black "Guan, Marie"]
[Result "1-0"]
[WhiteElo "1232"]
[BlackElo "864"]
[PlyCount "37"]
[EventDate "2019.07.07"]
[EventType "swiss"]
[EventRounds "7"]
[EventCountry "CAN"]

1. d4 Nf6 2. Nf3 d5 3. e3 Nc6 4. Bd3 Bg4 5. O-O e5 6. dxe5 Nxe5 7. Be2 Nxf3+ 8.
Bxf3 Qd7 9. Nc3 Be7 10. Nxd5 Nxd5 11. Qxd5 Qxd5 12. Bxd5 h5 13. Bxb7 Rb8 14.
Bc6+ Bd7 15. Bxd7+ Kxd7 16. Rd1+ Ke8 17. e4 Rd8 18. Bf4 Rxd1+ 19. Rxd1 {
illegal move (O-O)} 1-0